000 00865nas a2200265 4500
001 BR8106750
003 BR-BrBNA
005 20231205084853.0
007 ta
008 230509b bl.|||p| |||| 00| 00por d
040 _aBR-BrBNA
_bpor
_cBiblioteca Nacional de Agricultura
041 _a(Pt)
072 _aF30; F00
100 1 _aCastro, P.R.C.
245 1 _aEstudo comparativo da produtividade de cinco cultivares de soja (Glycine max (L.)Merrill)[estufa, comportamento de variedade]
650 _aSOJA
650 _aVARIEDADE
650 _aPRODUTIVIDADE
650 _aSEMENTE
650 _aCOMPORTAMENTO DE VARIEDADE
650 _aMATERIA SECA
773 0 _tAnais da Escola Superior de Agricultura Luiz de Queiroz (Brazil)
_xISSN 0071-1276
_g(1981), v. 38(1) p. 319-325
_wBR8106750
909 _a202311
_bLúcia
_c55
_dLúcia Elande
942 _2AGRIS
_n0
_cANA
999 _c107816
_d107816